Methods and Technologies for Learining /
محفوظ في:
| مؤلف مشترك: | |
|---|---|
| مؤلفون آخرون: | |
| التنسيق: | وقائع المؤتمر كتاب |
| اللغة: | الإنجليزية |
| منشور في: |
Southampton, EUA :
WIT,
2005, c2005
|
| الموضوعات: | |
| الوسوم: |
لا توجد وسوم, كن أول من يضع وسما على هذه التسجيلة!
|
MARC
| LEADER | 00000nam^a2200000^a^4500 | ||
|---|---|---|---|
| 001 | 000182825 | ||
| 005 | 20250521000000.0 | ||
| 009 | 20260310102020.789 | ||
| 020 | |a 1-84564-155-8 | ||
| 037 | |a Acervo ITESO - Biblioteca | ||
| 041 | |a ING | ||
| 082 | |a 371. 33 |b INT 2005 | ||
| 111 | |a International Conference on Methods and Technologies for Learning ( |n 1ª : |d 2005 : |c Italia) | ||
| 245 | 1 | 0 | |a Methods and Technologies for Learining / |c Ed. de G. Chiazzese... [et al.]. |
| 264 | 4 | |a Southampton, EUA : |b WIT, |c 2005, c2005 | |
| 300 | |a 631 p. | ||
| 336 | |a texto |b txt |2 rdacontenido | ||
| 337 | |a sin mediación |b n |2 rdamedio | ||
| 338 | |a volumen |b nc |2 rdasoporte | ||
| 649 | |a XX | ||
| 650 | |a Información - |x Administración | ||
| 650 | |a Conocimiento - |x Administración | ||
| 650 | |a Formación y Capacitación de Profesores | ||
| 650 | |a Video en la Educación | ||
| 650 | |a Multimedia | ||
| 650 | |a Internet - |x Función Educativa-Cultural | ||
| 650 | |a Computadoras en la Educación | ||
| 650 | |a Robótica en la Educación | ||
| 650 | |a Tecnologías de Comunicación e Información - |x Función Educativa-Cultural | ||
| 650 | |a Medios Audiovisuales en la Educación | ||
| 650 | |a Medios de Comunicación - |x Función Educativa-Cultural | ||
| 650 | |a Apoyos Didácticos | ||
| 650 | |a Relaciones Maestro-Alumno | ||
| 650 | |a Estudio - |x Método | ||
| 650 | |a Competencias de Información | ||
| 650 | |a Competencia Comunicativa | ||
| 650 | |a Competencias (Educación) | ||
| 650 | |a Interacción en la Educación | ||
| 650 | |a Planeación Educativa | ||
| 650 | |a Metodología Educativa | ||
| 650 | |a Proceso Educativo | ||
| 650 | |a Evaluación Educativa | ||
| 650 | |a Innovación Educativa | ||
| 650 | |a Tecnología Educativa | ||
| 650 | |a Educación Primaria | ||
| 650 | |a Educación Media | ||
| 650 | |a Educación a Distancia | ||
| 650 | |a Educación Superior | ||
| 650 | |a Países Subdesarrollados | ||
| 650 | |a Educación - |x Congresos | ||
| 700 | |a Chiazzese, G. |e (edición) | ||
| 910 | |a Fondo General | ||
| 920 | |a Impresos - Libros | ||
| 930 | |a Colección General | ||
| 905 | |a 101 | ||
| 901 | |a 0500122695 |b IT1 |c ACC |u 20250521 | ||
| 902 | |a https://opac.biblio.iteso.mx/vufind/Record/000182825 | ||